[Event "Moscow IM6"]
[Site "Moscow"]
[Date "1996.??.??"]
[Round "?"]
[White "Gersov, Evgeny"]
[Black "Litus, Vladimir"]
[Result "1/2-1/2"]
[WhiteElo "2190"]
[BlackElo "2310"]
[PlyCount "44"]
[EventDate "1996.??.??"]
[EventType "tourn"]
[EventRounds "9"]
[EventCountry "RUS"]
[SourceTitle "EXT 2000"]
[Source "ChessBase"]
[SourceDate "1999.11.16"]
[SourceVersion "1"]
[SourceVersionDate "1999.11.16"]
[SourceQuality "1"]

1. e4 Nc6 2. d4 d5 3. Nc3 dxe4 4. d5 Ne5 5. Qd4 Ng6 6. Qxe4 Nf6 7. Qa4+ Bd7 8. Qb3 Qc8 9. Nf3 c6 10. Bc4 b5 11. dxc6 bxc4 12. cxd7+ Nxd7 13. Qa4 e6 14. Be3 Rb8 15. Rd1 Bb4 16. 0-0 Bxc3 17. bxc3 Rb7 18. Rd4 0-0 19. Rxc4 Rc7 20. Rxc7 Qxc7 21. Rd1 Nb6 22. Bxb6 axb6 1/2-1/2

[Event "Moscow IM6"]
[Site "Moscow"]
[Date "1996.??.??"]
[Round "?"]
[White "Litus, Vladimir"]
[Black "Losev, Dmitry"]
[Result "0-1"]
[WhiteElo "2310"]
[BlackElo "2370"]
[PlyCount "76"]
[EventDate "1996.??.??"]
[EventType "tourn"]
[EventRounds "9"]
[EventCountry "RUS"]
[SourceTitle "EXT 2000"]
[Source "ChessBase"]
[SourceDate "1999.11.16"]
[SourceVersion "1"]
[SourceVersionDate "1999.11.16"]
[SourceQuality "1"]

1. d4 g6 2. e4 Bg7 3. Nf3 d6 4. h3 Nf6 5. Nc3 0-0 6. Be3 a6 7. a4 b6 8. Bd3 Nc6 9. Qd2 Nb4 10. 0-0 Nxd3 11. cxd3 Re8 12. b4 Bb7 13. Bh6 Bh8 14. Ng5 e6 15. Ne2 c5 16. bxc5 dxc5 17. dxc5 bxc5 18. Rac1 Rc8 19. Qe3 Nd7 20. Nf3 Bc6 21. Rc4 Qa5 22. Qc1 Bxa4 23. Qa3 Nb6 24. Ra1 Nxc4 25. dxc4 Bxa1 26. Qxa1 f6 27. Nc3 e5 28. Nxa4 Red8 29. Qa2 Rb8 30. Bd2 Rxd2 31. Qxd2 Qxa4 32. Qd6 Rf8 33. Qxc5 a5 34. Qd5+ Rf7 35. c5 Kg7 36. g4 h6 37. Kg2 Qb5 38. h4 g5 0-1

[Event "Moscow IM6"]
[Site "Moscow"]
[Date "1996.??.??"]
[Round "?"]
[White "Maljutin, Evgeni"]
[Black "Litus, Vladimir"]
[Result "1/2-1/2"]
[WhiteElo "2495"]
[BlackElo "2310"]
[PlyCount "88"]
[EventDate "1996.??.??"]
[EventType "tourn"]
[EventRounds "9"]
[EventCountry "RUS"]
[SourceTitle "EXT 2000"]
[Source "ChessBase"]
[SourceDate "1999.11.16"]
[SourceVersion "1"]
[SourceVersionDate "1999.11.16"]
[SourceQuality "1"]

1. Nf3 d6 2. d4 Nf6 3. c4 c6 4. Nc3 Bg4 5. e3 Nbd7 6. Be2 e5 7. Qc2 Be7 8. 0-0 0-0 9. b4 Re8 10. Rb1 Qc7 11. h3 Bh5 12. dxe5 dxe5 13. e4 Nf8 14. Nh4 Bxe2 15. Nxe2 a5 16. a3 g6 17. c5 axb4 18. axb4 Ra6 19. Nf3 N6d7 20. Bg5 Bxg5 21. Nxg5 Ne6 22. Nxe6 Rxe6 23. Rfd1 Nf8 24. Rd3 b6 25. Rbd1 bxc5 26. bxc5 Qa7 27. Rd8 Ra2 28. Qc4 Ra4 29. Qc1 Rxe4 30. Rc8 Rxe2 31. Rdd8 Kg7 32. Rxf8 Qa4 33. g4 h6 34. Rg8+ Kf6 35. Qxh6 Re1+ 36. Kh2 Qf4+ 37. Qxf4+ exf4 38. Rc7 g5 39. Rf8 Re7 40. Rxc6+ R1e6 41. Rxe6+ Kxe6 42. h4 gxh4 43. Rh8 Ra7 44. Rh6+ Ke7 1/2-1/2

[Event "Moscow IM6"]
[Site "Moscow"]
[Date "1996.??.??"]
[Round "?"]
[White "Seoev, Robert"]
[Black "Litus, Vladimir"]
[Result "0-1"]
[WhiteElo "2205"]
[BlackElo "2310"]
[PlyCount "106"]
[EventDate "1996.??.??"]
[EventType "tourn"]
[EventRounds "9"]
[EventCountry "RUS"]
[SourceTitle "EXT 2000"]
[Source "ChessBase"]
[SourceDate "1999.11.16"]
[SourceVersion "1"]
[SourceVersionDate "1999.11.16"]
[SourceQuality "1"]

1. d4 e6 2. Nf3 f5 3. Bf4 Nf6 4. e3 b6 5. c3 Bb7 6. h3 g6 7. Nbd2 Bg7 8. Bd3 0-0 9. Qc2 Nc6 10. Bh2 d5 11. Ne5 Nxe5 12. Bxe5 c5 13. 0-0 Nd7 14. Bxg7 Kxg7 15. f4 c4 16. Be2 b5 17. a4 bxa4 18. Qxa4 a5 19. Nf3 Qc7 20. Rfb1 Bc6 21. Qa3 Rfe8 22. b3 cxb3 23. Rxb3 h6 24. h4 Nf6 25. Ne5 Nd7 26. Nxc6 Qxc6 27. Bb5 Qc7 28. c4 dxc4 29. Rc1 Ra7 30. Rxc4 Qd8 31. Qd6 Qxh4 32. Rc7 Rxc7 33. Qxc7 Re7 34. Rb1 Nf8 35. Qc3 Qf6 36. Qxa5 g5 37. g3 Ng6 38. Be2 gxf4 39. gxf4 Nxf4 40. Bf3 Nh3+ 41. Kg2 Ng5 42. Ba8 Kh7 43. Rg1 Rg7 44. Kf1 f4 45. Qe5 Qxe5 46. dxe5 Ra7 47. Bc6 Ra1+ 48. Kg2 Rxg1+ 49. Kxg1 fxe3 50. Ba4 Nh3+ 51. Kf1 Nf4 52. Bc2+ Kg7 53. Be4 h5 0-1

[Event "Moscow VDFSO"]
[Site "Moscow"]
[Date "1992.??.??"]
[Round "?"]
[White "Litus, Vladimir"]
[Black "Barskij, Vladimir"]
[Result "1/2-1/2"]
[WhiteElo "2395"]
[BlackElo "2325"]
[PlyCount "112"]
[EventDate "1992.??.??"]
[EventType "tourn"]
[EventRounds "15"]
[EventCountry "RUS"]
[EventCategory "5"]
[SourceTitle "CBM 029 Extra"]
[Source "ChessBase"]
[SourceDate "1992.09.01"]
[SourceVersion "1"]
[SourceVersionDate "1992.09.01"]
[SourceQuality "1"]

1. d4 Nf6 2. Nf3 d5 3. c4 e6 4. Nc3 Be7 5. Bg5 0-0 6. e3 Nbd7 7. Qc2 c5 8. cxd5 Nxd5 9. Bxe7 Qxe7 10. Nxd5 exd5 11. Bd3 g6 12. dxc5 Nxc5 13. Rc1 Nxd3+ 14. Qxd3 Bf5 15. Qd2 Be4 16. Qd4 Bxf3 17. gxf3 Qg5 18. Ke2 Rac8 19. Rhd1 Qf5 20. a4 b6 21. Qg4 Rc2+ 22. Rxc2 Qxc2+ 23. Rd2 Qc7 24. Rxd5 Qxh2 25. Qg3 Qh1 26. Qc7 Qa1 27. Qc2 h5 28. Rd7 h4 29. Rd1 Qa2 30. Rh1 g5 31. Rg1 f6 32. f4 Qf7 33. fxg5 Qh5+ 34. Ke1 fxg5 35. f4 g4 36. Qe2 Qa5+ 37. Kf1 g3 38. Qg4+ Kf7 39. Qxh4 Qxa4 40. Qh7+ Ke8 41. Rxg3 Qa1+ 42. Kg2 Qxb2+ 43. Kf3 Qa1 44. Qe4+ Kd8 45. Qa8+ Ke7 46. Qb7+ Kd8 47. Qb8+ Ke7 48. Qc7+ Ke8 49. Qc8+ Ke7 50. Qc7+ Ke8 51. Rg7 Qf1+ 52. Ke4 Qb1+ 53. Kf3 Qf1+ 54. Ke4 Qb1+ 55. Kd4 Qd1+ 56. Ke4 Qb1+ 1/2-1/2

[Event "Moscow VDFSO"]
[Site "Moscow"]
[Date "1992.??.??"]
[Round "?"]
[White "Stepanov, Pavel"]
[Black "Litus, Vladimir"]
[Result "0-1"]
[WhiteElo "2375"]
[BlackElo "2395"]
[PlyCount "106"]
[EventDate "1992.??.??"]
[EventType "tourn"]
[EventRounds "15"]
[EventCountry "RUS"]
[EventCategory "5"]
[SourceTitle "CBM 029 Extra"]
[Source "ChessBase"]
[SourceDate "1992.09.01"]
[SourceVersion "1"]
[SourceVersionDate "1992.09.01"]
[SourceQuality "1"]

1. e4 Nc6 2. Nf3 d6 3. Bc4 e5 4. c3 Bg4 5. d3 Qd7 6. b4 g6 7. Nbd2 Bg7 8. Qb3 Nh6 9. 0-0 0-0 10. a4 a6 11. a5 Qe7 12. b5 axb5 13. Qxb5 Bd7 14. a6 bxa6 15. Qb3 a5 16. Bd5 Ng4 17. Qc4 Qe8 18. Nb1 a4 19. Na3 Ra7 20. h3 Na5 21. Qa2 Nf6 22. Be3 Ra6 23. Bc4 Nxc4 24. Qxc4 Qa8 25. Qa2 h6 26. Rab1 Nh5 27. Nb5 Bxb5 28. Rxb5 Qc6 29. c4 Nf4 30. Qc2 Ne6 31. Ra1 Rfa8 32. Ra3 Qd7 33. Nd2 c5 34. Qb2 Nd4 35. Rb8+ Rxb8 36. Qxb8+ Kh7 37. Qb2 Bf6 38. Nb1 Bd8 39. Nc3 Ba5 40. Nd5 Qc6 41. Bd2 Bxd2 42. Qxd2 Kg7 43. Qa2 Ra7 44. Nc3 Qb6 45. Kf1 h5 46. g3 h4 47. gxh4 Qd8 48. Rxa4 Qxh4 49. Rxa7 Qxh3+ 50. Ke1 Qxd3 51. Ne2 Nc2+ 52. Kf1 Qh3+ 53. Kg1 Ne1 0-1